000 00257nam a2200097Ia 4500
001 724355
005 20250826163348.0
008 250824s9999 xx 000 0 und d
245 0 _aNEREDEN NEREYE KEŞİFLER
_cANNA CLAYBOURNE
260 _bGENÇ TİMAŞ YAYINLARI
999 _c724355
_d724355